Matching the RE task with the RE skilset Quiz Stats

Quiz not verified by Sporcle

Challenge
Share
Tweet
Embed
Score 0/6 Timer 05:00
0 Plays Today
RE skill set description RE skill set % Correct
Process of writing requirements downDocumentation
100%
Process of discovering the requirements with the customers who are requesting the application. Gathering
66.7%
Set of tools and skills used to coordinate work and communicate updates throughout a projectProcess Management
33.3%
Integrating and organizing inputs from Gathering, and developing an understanding of what is really required.Analysis and Modeling
33.3%
Sign-off process by which a prioritized set of requirements passes from one stage of development to the next. Verification
33.3%
Set of skills and practices which allow requirements both to evolve and be maintainedChange Management
33.3%

You're not logged in!

Compare scores with friends on all Sporcle quizzes.
Join for Free
OR
Log In

You Might Also Like...

Show Comments

Extras

Top Quizzes Today


Score Distribution

Your Account Isn't Verified!

In order to create a playlist on Sporcle, you need to verify the email address you used during registration. Go to your Sporcle Settings to finish the process.

Report this User

Report this user for behavior that violates our Community Guidelines.

Details: